NLSUI OPAC header image

Indian legal system in covid-19 : neither saved lives nor protected livelihood! (Record no. 217613)

MARC details
000 -LEADER
fixed length control field 00521nam a2200133Ia 4500
005 - DATE AND TIME OF LATEST TRANSACTION
control field 20260209120148.0
008 - FIXED-LENGTH DATA ELEMENTS--GENERAL INFORMATION
fixed length control field 260209s9999||||xx |||||||||||||| ||und||
100 ## - MAIN ENTRY--PERSONAL NAME
Personal name Saumya Singh
245 #0 - TITLE STATEMENT
Title Indian legal system in covid-19 : neither saved lives nor protected livelihood!
260 ## - PUBLICATION, DISTRIBUTION, ETC.
Place of publication, distribution, etc. BangaloreBangalore
Name of publisher, distributor, etc. NLSIU, Bangalore
Date of publication, distribution, etc. 2023
300 ## - PHYSICAL DESCRIPTION
Extent 40 p. ; 25 cm.
700 ## - ADDED ENTRY--PERSONAL NAME
Personal name Prof. Dr. Arun K Thiruvengadam - SupervisorProf. Dr. Arun K Thiruvengadam - Supervisor
856 ## - ELECTRONIC LOCATION AND ACCESS
Uniform Resource Identifier <a href="https://dans.nls.ac.in/handle/123456789/1219">https://dans.nls.ac.in/handle/123456789/1219</a>
Holdings
Withdrawn status Lost status Damaged status Not for loan Home library Current library Date acquired Total Checkouts Barcode Date last seen Price effective from Koha item type
        . . 09.02.2026   LLM980 09.02.2026 09.02.2026 Dissertation